Export afgerond — 

Giáo trình Tư pháp quốc tế

Khái niệm tư pháp quốc tế. Xung đột pháp luật và áp dụng luật nước ngoài. Người nước ngoài trong tư pháp quốc tế. Các vấn đề sở hữu,trái vụ, quyền tác giả, hôn nhân gia đình, thừa kế, tố tụng dân sự quốc tế...

Descripció completa

Guardat en:
Dades bibliogràfiques
Autor principal: Đoàn, Năng
Format: Llibre
Idioma:Undetermined
Publicat: Hà Nội Đại Học Quốc Gia Hà Nội 1997
Matèries:
Etiquetes: Afegir etiqueta
Sense etiquetes, Sigues el primer a etiquetar aquest registre!
Thư viện lưu trữ: Trung tâm Học liệu Trường Đại học Cần Thơ
LEADER 00943nam a2200205Ia 4500
001 CTU_32849
008 210402s9999 xx 000 0 und d
020 |c 23400 
082 |a 340.9 
082 |b N116 
100 |a Đoàn, Năng 
245 0 |a Giáo trình Tư pháp quốc tế 
245 0 |c Đoàn Năng (Chủ biên) 
260 |a Hà Nội 
260 |b Đại Học Quốc Gia Hà Nội 
260 |c 1997 
520 |a Khái niệm tư pháp quốc tế. Xung đột pháp luật và áp dụng luật nước ngoài. Người nước ngoài trong tư pháp quốc tế. Các vấn đề sở hữu,trái vụ, quyền tác giả, hôn nhân gia đình, thừa kế, tố tụng dân sự quốc tế 
650 |a Private international law 
904 |i Minh, 990825 (Nguyên sửa) 
980 |a Trung tâm Học liệu Trường Đại học Cần Thơ